书目信息 |
| 题名: |
电视歌曲
|
|
| 作者: | ;人民音乐出版社 编 | |
| 分册: | 三 | |
| 出版信息: | 北京 人民音乐出版社 1983.8 |
|
| 页数: | 74页 | |
| 开本: | 20cm | |
| 丛书名: | ||
| 单 册: | ||
| 中图分类: | J642.41 | |
| 科图分类: | ||
| 主题词: | 音乐--作品--中国 | |
| 电子资源: | ||
| ISBN: | ||
| 000 | 00504nam0 2200181 45 | |
| 001 | 0312221749 | |
| 005 | 20060819083118.96 | |
| 010 | @dCNY0.24 | |
| 100 | @a20031222d1983 km y0chiy0120 ea | |
| 101 | @achi | |
| 200 | 1 | @a电视歌曲@h三@ADian Shi Ge Qu@f人民音乐出版社编@FRen Min Yin Yue Chu Ban She Bian |
| 210 | @a北京@c人民音乐出版社@d1983.8 | |
| 215 | @a74页@d20cm | |
| 606 | 0 | @a音乐@x作品@x中国 |
| 690 | @aJ642.41@v3 | |
| 711 | 02 | @a人民音乐出版社@4编 |
| 801 | @aCN@bTSTCL@c20060819 | |
| 905 | @dJ642.41@e75 | |
| 电视歌曲.三/人民音乐出版社编.-北京:人民音乐出版社,1983.8 |
| 74页;20cm |
| ISBN :CNY0.24 |
| ● |
| 相关链接 |
|
|
|
|
正题名:电视歌曲
索取号:J642.41/75
 
预约/预借
| 序号 | 登录号 | 条形码 | 馆藏地/架位号 | 状态 | 备注 |
| 1 | 0100970 | 001238477 | 第一借阅区/ [索取号:J642.41/75] | 在馆 | |
| 2 | 0100971 | 001238422 | 第一借阅区/ [索取号:J642.41/75] | 在馆 | |
| 3 | 0466754 | 204667547 | 密集书库/ [索取号:J642.41/75] | 在馆 | |
| 4 | 0466755 | 204667556 | 密集书库/ [索取号:J642.41/75] | 在馆 |